پاکستان دوراہے پر (Record no. 13615)
[ view plain ]
| 000 -LEADER | |
|---|---|
| fixed length control field | 00351nam a22001217a 4500 |
| 082 ## - DEWEY DECIMAL CLASSIFICATION NUMBER | |
| Classification number | 954 |
| Item number | ع رف |
| 100 ## - MAIN ENTRY--AUTHOR NAME | |
| Personal name | ایس- ایم- عرفان |
| 245 ## - TITLE STATEMENT | |
| Title | پاکستان دوراہے پر |
| 260 ## - PUBLICATION, DISTRIBUTION, ETC. (IMPRINT) | |
| Place of publication | کراچی |
| Name of publisher | فرید پبلشرز |
| Year of publication | ٢٠١٢ |
| 300 ## - PHYSICAL DESCRIPTION | |
| Number of Pages | ٢٨٥ صفحات |
| 650 ## - SUBJECT ADDED ENTRY--TOPICAL TERM | |
| Topical Term | Pakistan, Politics, Pakistan Dorahe par |
| 942 ## - ADDED ENTRY ELEMENTS (KOHA) | |
| Koha item type | Books |
| Withdrawn status | Lost status | Collection code | Permanent Location | Current Location | Shelving location | Date acquired | Full call number | Accession Number | Koha item type |
|---|---|---|---|---|---|---|---|---|---|
| | | Pakistan Studies / History | MAJU | MAJU | Shelf No.A30 | 2022-12-23 | 954 ع رف | 10718 | Books |